Understanding digital culture (Record no. 1224456)

MARC details
000 -LEADER
fixed length control field 00600nam a2200229Ia 4500
005 - DATE AND TIME OF LATEST TRANSACTION
control field 20241129104115.0
008 - FIXED-LENGTH DATA ELEMENTS--GENERAL INFORMATION
fixed length control field 241129s9999||||xx |||||||||||||| ||und||
020 ## - INTERNATIONAL STANDARD BOOK NUMBER
International Standard Book Number 9781473993877
037 ## - SOURCE OF ACQUISITION
Stock number Textual
040 ## - CATALOGING SOURCE
Original cataloging agency RTL
Language of cataloging eng
Transcribing agency RTL
041 ## - LANGUAGE CODE
Language code of text/sound track or separate title eng
Source of code eng
084 ## - COLON CLASSIFICATION NUMBER
Classification number X0gF R0
Assigning agency RTL
100 ## - MAIN ENTRY--PERSONAL NAME
Personal name Miller Vincent
245 #0 - TITLE STATEMENT
Title Understanding digital culture
Statement of responsibility, etc. Miller Vincent
250 ## - EDITION STATEMENT
Edition statement 2nd
260 ## - PUBLICATION, DISTRIBUTION, ETC.
Place of publication, distribution, etc. New Delhi
Name of publisher, distributor, etc. Sage
Date of publication, distribution, etc. 2020
300 ## - PHYSICAL DESCRIPTION
Extent ix,331p.
365 ## - TRADE PRICE
Price type code INR
Price amount 2968.29
650 ## - SUBJECT ADDED ENTRY--TOPICAL TERM
Topical term or geographic name entry element Digital Culture
9 (RLIN) 724803
942 ## - ADDED ENTRY ELEMENTS (KOHA)
Koha item type Textbook
Classification part X0gF R0
Holdings
Withdrawn status Lost status Damaged status Not for loan Home library Current library Date acquired Source of acquisition Cost, normal purchase price Inventory number Total Checkouts Total Renewals Full call number Barcode Date last seen Date last checked out Price effective from Koha item type
        Ratan Tata Library Ratan Tata Library 2024-11-29 Segment Book Distributor 2968.29 65417 & 30/01/2023 1 2 X0gF R0 RT1502392 2025-06-04 2025-01-30 2024-11-29 Textbook
Copyright @ Delhi University Library System